书目信息 |
| 题名: |
开门
|
|
| 作者: | 艾伦 著 ;马春文 译 | |
| 分册: | ||
| 出版信息: | 长春 吉林人民出版社 2005 |
|
| 页数: | 10,670页 | |
| 开本: | 21cm | |
| 丛书名: | ||
| 单 册: | ||
| 中图分类: | F091.354 | |
| 科图分类: | ||
| 主题词: | ||
| 电子资源: | ||
| ISBN: | 7-206-04178-7 | |
| 000 | 01020nam0 2200277 45 | |
| 001 | 01200620000011 | |
| 005 | 20070708150719.78 | |
| 010 | @a7-206-04178-7@dCNY53.50 | |
| 092 | @aCN@b487847 | |
| 100 | @a20060509d2005 em y0chiy0110 ea | |
| 101 | 1 | @achi@ceng |
| 102 | @aCN@b220000 | |
| 105 | @ay z 000yd | |
| 200 | 1 | @a开门@9kai men@e创新理论大师熊彼特@f(美)洛林·艾伦(Robert Loring Allen)著@g马春文等译 |
| 205 | @a2版 | |
| 210 | @a长春@c吉林人民出版社@d2005 | |
| 215 | @a10,670页@d21cm | |
| 330 | @a该书从三个角度解析了熊彼特这位分量与凯恩斯、哈耶克、马歇尔相若的大经济家:作为教师,他生命的主题一直是为探索的头脑开门并引导学生入门,努力创造未来的学者等。 | |
| 512 | 1 | @a开门@9kai men@e创新理论大师熊彼得 |
| 600 | 0 | @a熊彼得@c(Schumpeter, J.A.@f1883~1950)@x评传 |
| 600 | 0 | @a熊彼得@c(Schumpeter, J.A.@f1883~1950) |
| 690 | @aF091.354@v4 | |
| 701 | 0 | @a艾伦@9ai lun@c(Allen, Robert Loring)@4著 |
| 702 | 0 | @a马春文@9ma chun wen@4译 |
| 801 | 0 | @aCN@bLZJBOOK@c20070708 |
| 905 | @a10447@dF091.354@e54=2 | |
| 开门:创新理论大师熊彼特/(美)洛林·艾伦(Robert Loring Allen)著/马春文等译.-2版.-长春:吉林人民出版社,2005 |
| 10,670页;21cm |
| ISBN 7-206-04178-7:CNY53.50 |
| 该书从三个角度解析了熊彼特这位分量与凯恩斯、哈耶克、马歇尔相若的大经济家:作为教师,他生命的主题一直是为探索的头脑开门并引导学生入门,努力创造未来的学者等。 |
| ● |
| 相关链接 |
|
|
|
|
正题名:开门
索取号:F091.354/54=2
 
预约/预借
| 序号 | 登录号 | 条形码 | 馆藏地/架位号 | 状态 | 备注 |
| 1 | 0554257 | 205542572 | 第一样本阅览室/ [索取号:F091.354/54=2] | 在馆 | |
| 2 | 0554258 | 205542581 | 第一借阅区/ [索取号:F091.354/54=2] | 在馆 | |
| 3 | 0554259 | 205542590 | 第一借阅区/ [索取号:F091.354/54=2] | 在馆 | |
| 4 | 0554260 | 205542607 | 第一借阅区/ [索取号:F091.354/54=2] | 在馆 | |
| 5 | 0554261 | 205542616 | 第一借阅区/ [索取号:F091.354/54=2] | 在馆 | |
| 6 | 0554262 | 205542625 | 第一借阅区/ [索取号:F091.354/54=2] | 在馆 | |
| 7 | 0554263 | 205542634 | 第一借阅区/ [索取号:F091.354/54=2] | 在馆 | |
| 8 | 0554264 | 205542643 | 第一借阅区/ [索取号:F091.354/54=2] | 在馆 |